000 00415nam a2200145Ia 4500
008 100122s9999 xx 000 0 und d
082 _b11320
_a823.08
100 _aशेळके शांता
245 _aप्रेमिक
260 _bकुलकर्णी ग्रंथगार
_c1956
300 _a126
630 _aप्रेमिक
730 _aप्रेमिक
942 _cBOOK
999 _c402723
_d402720